|
|
|
|
| LEADER |
00965nab a2200253 i 4500 |
| 001 |
publ24289 |
| 005 |
20221014152036.0 |
| 008 |
220506s2022 hu o 0|| Angol d |
| 022 |
|
|
|a 0022-2860
|
| 024 |
7 |
|
|a 10.1016/j.molstruc.2022.132860
|2 doi
|
| 024 |
7 |
|
|a 32759635
|2 mtmt
|
| 040 |
|
|
|a SZTE Publicatio Repozitórium
|b hun
|
| 041 |
|
|
|a Angol
|
| 100 |
1 |
|
|a Balassa Lilla
|
| 245 |
1 |
0 |
|a Surface sulfate modified TiO2 visible light active photocatalyst for complex wastewater purification
|h [elektronikus dokumentum] :
|b Preparation, characterization and photocatalytic activity /
|c Balassa Lilla
|
| 260 |
|
|
|c 2022
|
| 300 |
|
|
|a Terjedelem: 9-Azonosító: 132860
|
| 490 |
0 |
|
|a JOURNAL OF MOLECULAR STRUCTURE
|v 1260
|
| 650 |
|
4 |
|a Kémiai tudományok
|
| 700 |
0 |
1 |
|a Ágoston Áron
|e aut
|
| 700 |
0 |
1 |
|a Kása Zsolt
|e aut
|
| 700 |
0 |
1 |
|a Varga Viktória
|e aut
|
| 700 |
0 |
1 |
|a Janovák László
|e aut
|
| 856 |
4 |
0 |
|u http://publicatio.bibl.u-szeged.hu/24289/1/paper_3.pdf
|z Dokumentum-elérés
|